00491nam a2200193 a 4500001001300000003000900013005001700022008004100039020001000080082001600090100001400106245002800120260005000148300000900198500003500207505001000242650003100252700001400283nice12345678IN_TiNIC20260116011253.0050524s1922 cama grp 000 0 eng  ac10000a227.87bNAI aNairne, A aEpistle to the Hebrews. aCambridge bCambridge University Press c1922 a141p aincludes index and biblioraphy2 aIndex aBible N.T. Epistles Hebrew1 aNairne, A